MARC details
| 000 -LEADER |
| fixed length control field |
00908nam a2200301 a 4500 |
| 003 - CONTROL NUMBER IDENTIFIER |
| control field |
TR-IsYBT |
| 005 - DATE AND TIME OF LATEST TRANSACTION |
| control field |
20210913152121.0 |
| 007 - PHYSICAL DESCRIPTION FIXED FIELD--GENERAL INFORMATION |
| fixed length control field |
t |
| 008 - FIXED-LENGTH DATA ELEMENTS--GENERAL INFORMATION |
| fixed length control field |
210524s2020$$$$tu#$r17001###$$$$#170170tur u |
| 020 ## - INTERNATIONAL STANDARD BOOK NUMBER |
| International Standard Book Number |
9789753686174 |
| Terms of availability |
TL200,00 |
| 040 ## - CATALOGING SOURCE |
| Language of cataloging |
tur |
| Description conventions |
rda |
| Transcribing agency |
|
| 041 ## - LANGUAGE CODE |
| Language code of text/sound track or separate title |
Türkçe |
| 044 ## - COUNTRY OF PUBLISHING/PRODUCING ENTITY CODE |
| ISO country code |
tu |
| 090 ## - LOCALLY ASSIGNED LC-TYPE CALL NUMBER (OCLC); LOCAL CALL NUMBER (RLIN) |
| Classification number (OCLC) (R) ; Classification number, CALL (RLIN) (NR) |
340 |
| Local cutter number (OCLC) ; Book number/undivided call number, CALL (RLIN) |
PRO 2020 c.2 |
| 245 ## - TITLE STATEMENT |
| Title |
Prof. Dr. Haluk Burcuoğlu’na armağan/ |
| Statement of responsibility, etc. |
yay. haz. Saibe Oktay Özdemir...[ve öte.]. |
| 264 ## - PRODUCTION, PUBLICATION, DISTRIBUTION, MANUFACTURE, AND COPYRIGHT NOTICE |
| Place of production, publication, distribution, manufacture |
İstanbul : |
| Name of producer, publisher, distributor, manufacturer |
Filiz Kitabevi, |
| Date of production, publication, distribution, manufacture, or copyright notice |
2020. |
| 300 ## - PHYSICAL DESCRIPTION |
| Extent |
1020 s. ; |
| Dimensions |
20 cm. |
| 336 ## - CONTENT TYPE |
| Content type term |
metin |
| Content type code |
txt |
| Source |
rdacontent |
| 337 ## - MEDIA TYPE |
| Media type term |
aracısız |
| Media type code |
n |
| Source |
rdamedia |
| 338 ## - CARRIER TYPE |
| Carrier type term |
cilt |
| Carrier type code |
nc |
| Source |
rdacarrier |
| 500 ## - GENERAL NOTE |
| General note |
Kaynakça var. |
| 650 ## - SUBJECT ADDED ENTRY--TOPICAL TERM |
| Topical term or geographic name entry element |
Haluk Burcuoğlu. |
|
| Topical term or geographic name entry element |
Hukuk. |
|
| Topical term or geographic name entry element |
Armağan kitaplar -- Türkiye. |
| 856 ## - ELECTRONIC LOCATION AND ACCESS |
| Uniform Resource Identifier |
<a href="http://katalog.trabzon.edu.tr/yordambt/yordam.php?sayfa=sayfaArama&aDemirbas=B0021400">http://katalog.trabzon.edu.tr/yordambt/yordam.php?sayfa=sayfaArama&aDemirbas=B0021400</a> |
| 902 ## - LOCAL DATA ELEMENT B, LDB (RLIN) |
| a |
B0021400 |